000 00742nam a2200205Ii 4500
003 JO-AjNU
008 230605s9999||||xx |||||||||||||| ||und||
040 _aJO-AjNU
_bara
_erda
_cJO-AjNU
041 _aara
050 1 4 _aPJ6184.S422 2004
100 3 _aشديد، صائل رشدي,
_eauthor
_923650
245 0 0 _aعناصر تحقيق الدلالة في العربية: دراسات لسانية
250 _aالطبعة العربية الاولى
264 3 1 _aعمان: الاهلية للنشر والتوزيع، 2004
300 _a199ص
336 _atext
_btxt
_2rdacontent
337 _aunmediated
_bn
_2rdamedia
338 _avolume
_bnc
_2rdacarrier
650 4 _aدرسات لسانية - الدلالة العربي
_923651
999 _aA8586
_c12154
_d12154